| 000 -LEADER |
| fixed length control field |
00510cam a2200193 a 4500 |
| 020 ## - INTERNATIONAL STANDARD BOOK NUMBER |
| ISBN |
9241544600 (v.1) : |
| 040 ## - CATALOGING SOURCE |
| Transcribing agency |
DLC |
| 082 00 - DEWEY DECIMAL CLASSIFICATION NUMBER |
| Classification number |
363 WOR 1993 C153 Or. |
| 110 2# - MAIN ENTRY--CORPORATE NAME |
| Corporate name or jurisdiction name as entry element |
World Health Organization |
| 245 10 - TITLE STATEMENT |
| Title |
Guidelines for drinking-water quality |
| 250 ## - EDITION STATEMENT |
| Edition statement |
2nd ed |
| 260 ## - PUBLICATION, DISTRIBUTION, ETC. (IMPRINT) |
| Place of publication |
Geneva : |
| Name of publisher |
The Organization, |
| Year of publication |
1993- |
| 300 ## - PHYSICAL DESCRIPTION |
| Number of Pages |
3 v. ; |
| Dimensions |
24 cm |
| 500 ## - GENERAL NOTE |
| General note |
Updated periodically by addenda |
| 650 #0 - SUBJECT ADDED ENTRY--TOPICAL TERM |
| Topical Term |
Drinking water |
| 650 #2 - SUBJECT ADDED ENTRY--TOPICAL TERM |
| Topical Term |
Water Supply |
| 650 #2 - SUBJECT ADDED ENTRY--TOPICAL TERM |
| Topical Term |
Water Pollution |
| 942 ## - ADDED ENTRY ELEMENTS (KOHA) |
| Koha item type |
ADB |
| 952 ## - LOCATION AND ITEM INFORMATION (KOHA) |
| Withdrawn status [LOCAL, KOHA] |
0 |